How Many Dead Memes Can You Name? - Statistics

General Stats
  • This quiz has been taken 743 times
  • The average score is 7 of 15
Answer Stats
Hint Answer % Correct
dead gorilla Harambe
85%
He's never gonna give you up Rickroll
83%
someBODY ONCE TOLD ME All Star
65%
flying pop tart feline Nyan Cat
65%
pointing at someones shoes and screaming at them What Are Those
64%
cat known for it's iconic frown Grumpy Cat
57%
that one song from Lazytown We Are Number One
55%
very gud shibe Doge
53%
Omae wa mou shindeiru NANI?!
50%
CGI frog riding a unicycle Dat Boi
46%
How bout dat? Cash me ousside
27%
literally the worst thing ever; popular on VR Chat Ugandan Knuckles
26%
some guy who won a lifetime supply of Vans Damn Daniel
25%
cowboy voice cracking in a Walmart Yodeling Kid
23%
The yeast of thoughts and mind Globgogabgalab
18%
No matching quizzes found
Score Distribution
Percent of People with Each Score
Percentile by Number Answered
Your Score History
You have not taken this quiz